000 00493nam a2200193Ia 4500
008 220531s9999 xx 000 0 und d
041 _aeng
082 _a-
_bKUM
100 _aKumar, S. V. Ed.
_968413
245 _aBritish Victorian Literature: Critical Assessments
250 _a1ST
260 _aNew Delhi
_bAtlantic
_c2014
300 _a490
542 _d22-04-2015
551 _aEnglish
_bUgc-ENG
650 _aLiterature
_968414
906 _d2015-2016
999 _c38438
_d38438